イナズマイレブン(無印)の声優 - Statistics

General Stats
  • This quiz has been taken 16 times
  • The average score is 11 of 73
Answer Stats
キャラクター CV. % Correct
半田真一 下野紘
83%
一之瀬一哉 梶裕貴
83%
円堂守 竹内順子
67%
影野仁 中村悠一
50%
木野秋 折笠富美子
42%
吹雪士郎 宮野真守
42%
豪炎寺修也 野島裕史
33%
アフロディ 三瓶由布子
33%
久遠冬花 戸松遥
33%
宇都宮虎丸 釘宮理恵
33%
壁山塀吾郎 田野めぐみ
25%
宍戸佐吉 奈良徹
25%
野部流来人 山寺宏一
25%
財前塔子 高垣彩陽
25%
立向居勇気 立花慎之介
25%
グラン/基山ヒロト 水島大宙
25%
鬼道有人 吉野裕行
17%
雷門夏未 小林沙苗
17%
風丸一郎太 西墻由香
17%
栗松鉄平 日野未歩
17%
染岡竜吾 加瀬康之
17%
目金欠流 加藤奈々絵
17%
響木正剛 有本欽隆
17%
角馬王将 稲田徹
17%
土方雷電 桜塚やっくん
17%
エドガー・バルチナス 杉田智和
17%
バダップ・スリード 神谷浩史
17%
ミストレーネ・カルス 渡辺久美子
17%
音無春奈 佐々木日菜子
8%
少林寺歩 城雅子
8%
松野空介 小平有希
8%
土門飛鳥 金野潤
8%
角馬圭太 古島清孝
8%
冬海卓 四宮豪
8%
雷門総一郎 坂口候一
8%
円堂温子 倖月美和
8%
下鶴改 悠渚佳代
8%
霧隠才次 小林由美子
8%
綾野勇一 芝原チヤコ
8%
影山零治 佐々木誠二
8%
吉良瞳子 北西純子
8%
木暮夕弥 宮原永海
8%
浦部リカ 瀧本富士子
8%
綱海条介 阪口周平
8%
デザーム/砂木沼治 疋田高志
8%
荒谷紺子 後藤沙緒里
8%
吉良星二郎 宝亀克寿
8%
剣崎竜一 成田剣
8%
久遠道也 東地宏樹
8%
飛鷹征矢 峯暢也
8%
ヒデ・ナカタ 土田大
8%
ロココ・ウルパ 甲斐田ゆき
8%
ラボック・ヘンクタッカー 矢部雅史
8%
円堂大介 藤本譲
8%
梨本乃々美 辻希美
8%
亀崎河童 小桜エツ子
8%
地木流灰人 早志勇紀
0%
西垣守 陶山章央
0%
鬼瓦源五郎 麻生智久
0%
闇野カゲト 佐藤健輔
0%
ネッパー/熱波夏彦 柳原哲也
0%
ボンバ/本場激 平井善之
0%
土洲恋 森谷里美
0%
堀道子 清水佐紀
0%
御堂玲華 須藤茉麻
0%
リカママ 津田匠子
0%
陽花戸中校長 長嶝高士
0%
ビヨン・カイル 加藤木賢志
0%
テレス・トルーエ 間島淳司
0%
ディラン・キース 鈴木千尋
0%
ガルシルド・ベイハン 秋元羊介
0%
エスカ・バメル 鈴木達央
0%
バウゼン 中田譲治
0%
No matching quizzes found
Score Distribution
Percent of People with Each Score
Percentile by Number Answered
Your Score History
You have not taken this quiz